<?xml version="1.0" encoding="UTF-8"?><?xml-stylesheet type="text/xsl" href="static/style.xsl"?><OAI-PMH xmlns="http://www.openarchives.org/OAI/2.0/" xmlns:xsi="http://www.w3.org/2001/XMLSchema-instance" xsi:schemaLocation="http://www.openarchives.org/OAI/2.0/ http://www.openarchives.org/OAI/2.0/OAI-PMH.xsd"><responseDate>2026-06-02T02:29:18Z</responseDate><request verb="GetRecord" identifier="oai:riubu.ubu.es:10259/8402" metadataPrefix="marc">https://riubu.ubu.es/oai/request</request><GetRecord><record><header><identifier>oai:riubu.ubu.es:10259/8402</identifier><datestamp>2024-01-20T01:05:14Z</datestamp><setSpec>com_10259_4725</setSpec><setSpec>com_10259_5086</setSpec><setSpec>com_10259_2604</setSpec><setSpec>col_10259_4726</setSpec></header><metadata><record xmlns="http://www.loc.gov/MARC21/slim" xmlns:doc="http://www.lyncode.com/xoai" xmlns:xsi="http://www.w3.org/2001/XMLSchema-instance" xmlns:dcterms="http://purl.org/dc/terms/" xsi:schemaLocation="http://www.loc.gov/MARC21/slim http://www.loc.gov/standards/marcxml/schema/MARC21slim.xsd">
<leader>00925njm 22002777a 4500</leader>
<datafield tag="042" ind1=" " ind2=" ">
<subfield code="a">dc</subfield>
</datafield>
<datafield tag="720" ind1=" " ind2=" ">
<subfield code="a">González Alonso, María Yolanda</subfield>
<subfield code="e">author</subfield>
</datafield>
<datafield tag="720" ind1=" " ind2=" ">
<subfield code="a">Escolar Llamazares, María del Camino</subfield>
<subfield code="e">author</subfield>
</datafield>
<datafield tag="720" ind1=" " ind2=" ">
<subfield code="a">Martínez Martín, Mª Ángeles</subfield>
<subfield code="e">author</subfield>
</datafield>
<datafield tag="720" ind1=" " ind2=" ">
<subfield code="a">Medina Gómez, Mª Begoña</subfield>
<subfield code="e">author</subfield>
</datafield>
<datafield tag="720" ind1=" " ind2=" ">
<subfield code="a">Mercado Val, Elvira</subfield>
<subfield code="e">author</subfield>
</datafield>
<datafield tag="260" ind1=" " ind2=" ">
<subfield code="c">2019-11</subfield>
</datafield>
<datafield tag="520" ind1=" " ind2=" ">
<subfield code="a">Este estudio analiza si se confirma el alto riesgo que tienen los estudiantes universitarios de&#xd;
sufrir trastornos alimentarios y su comorbilidad con los trastornos depresivos y de ansiedad. Se realiza una revisión sistemática buscando en bases de datos y se seleccionan 11 estudios científicos&#xd;
de 158 publicados entre 2013-2017. Se encuentra una relación positiva entre el trastorno de alimentación y la depresión, relacionado con una preocupación distorsionada del cuerpo, con insatisfacción corporal y excesiva preocupación por el peso. También señala la ansiedad como uno de&#xd;
los factores principales que predisponen a sufrir un trastorno de la conducta alimentaria. Los universitarios, especialmente mujeres, presentan riesgo de sufrir un trastorno de la ingestión de alimentos, acompañado con frecuencia de depresión y ansiedad.</subfield>
</datafield>
<datafield tag="520" ind1=" " ind2=" ">
<subfield code="a">This study analyzes whether high risk of university students suffering from eating disorders and&#xd;
their comorbidity with depressive and anxiety disorders can be confirmed. A systematic review was&#xd;
carried out by searching databases, eleven scientific studies from a total of 158 published 2013-&#xd;
2017. There is a positive relationship between eating disorder and depression, related to a distorted&#xd;
body concern, body dissatisfaction and excessive weight concern. Anxiety is indicated as one of the&#xd;
main factors that predispose students to suffer from an eating behavior disorder. University students, especially women, are a population of whom a high percentage are at risk of suffering a disorder relating to the ingestion of food, often accompanied by depression and anxiety.</subfield>
</datafield>
<datafield tag="024" ind2=" " ind1="8">
<subfield code="a">0327-6716</subfield>
</datafield>
<datafield tag="024" ind2=" " ind1="8">
<subfield code="a">http://hdl.handle.net/10259/8402</subfield>
</datafield>
<datafield tag="024" ind2=" " ind1="8">
<subfield code="a">10.24205/03276716.2019.1149</subfield>
</datafield>
<datafield tag="024" ind2=" " ind1="8">
<subfield code="a">1851-7951</subfield>
</datafield>
<datafield ind1=" " ind2=" " tag="653">
<subfield code="a">Trastorno alimentario</subfield>
</datafield>
<datafield ind1=" " ind2=" " tag="653">
<subfield code="a">Ansiedad</subfield>
</datafield>
<datafield ind1=" " ind2=" " tag="653">
<subfield code="a">Depresión</subfield>
</datafield>
<datafield ind1=" " ind2=" " tag="653">
<subfield code="a">Universitarios</subfield>
</datafield>
<datafield ind1=" " ind2=" " tag="653">
<subfield code="a">Eating disorder</subfield>
</datafield>
<datafield ind1=" " ind2=" " tag="653">
<subfield code="a">Anxiety</subfield>
</datafield>
<datafield ind1=" " ind2=" " tag="653">
<subfield code="a">Depression</subfield>
</datafield>
<datafield ind1=" " ind2=" " tag="653">
<subfield code="a">University</subfield>
</datafield>
<datafield tag="245" ind1="0" ind2="0">
<subfield code="a">Comorbilidad de los trastornos alimentarios con ansiedad y depresión en estudiantes universitarios: revisión sistemática</subfield>
</datafield>
</record></metadata></record></GetRecord></OAI-PMH>